15 pays manquants sur une carte - Statistiques

Statistiques générales
  • Ce quiz a été pris 1 639 fois
  • Le résultat moyen est 10 sur 15
Réponses sur la Carte
Les réponses sont colorées sur une échelle allant du rouge au vert en fonction du pourcentage des utilisateurs qui les ont devinées à leur premier essai. Vous pouvez retrouver ces pourcentages ci-dessous.
 
Statistiques - réponses
Pays % Correct
Algérie
100%
Argentine
100%
Autriche
100%
Chine
100%
Espagne
100%
États-Unis
100%
Mexique
100%
Mongolie
100%
Russie
100%
Biélorussie
98%
Bolivie
97%
Canada
97%
Italie
97%
Pérou
97%
Ukraine
97%
Bénin
96%
Libye
96%
Brésil
95%
Inde
95%
Soudan
95%
Afrique du Sud
94%
Éthiopie
94%
France
94%
Hongrie
94%
Indonésie
94%
Paraguay
94%
Tchad
94%
Arabie Saoudite
93%
Équateur
93%
Roumanie
93%
Suède
93%
Togo
93%
Allemagne
92%
Pologne
92%
Colombie
91%
Égypte
91%
Niger
91%
Pakistan
91%
République Démocratique du Congo
91%
Nigeria
90%
Royaume-Uni
90%
Suisse
90%
Tanzanie
90%
Australie
89%
Zambie
89%
Mali
88%
Panama
88%
République Tchèque
88%
Sénégal
88%
Turquie
88%
Mozambique
87%
Nicaragua
87%
Burkina Faso
86%
Finlande
86%
Slovaquie
86%
Slovénie
86%
Afghanistan
85%
Kazakhstan
85%
Mauritanie
85%
Soudan du Sud
85%
Iran
84%
Kenya
84%
Cameroun
83%
Costa Rica
83%
Namibie
83%
Gabon
82%
Croatie
81%
Venezuela
81%
Zimbabwe
81%
Angola
80%
Guatemala
80%
Serbie
80%
Maroc
79%
Portugal
79%
Irak
78%
Ouzbékistan
78%
Oman
77%
Norvège
76%
République Centrafricaine
76%
Guyana
75%
Tadjikistan
75%
Côte d'Ivoire
74%
Lettonie
74%
Syrie
74%
Chili
73%
Danemark
73%
Moldavie
73%
République du Congo
73%
Suriname
73%
Jordanie
72%
Botswana
71%
Guinée
71%
Macédoine du Nord
71%
Turkménistan
71%
Irlande
70%
Bulgarie
69%
Islande
69%
Japon
69%
Lituanie
68%
Nouvelle-Zélande
68%
Tunisie
68%
Uruguay
68%
Yémen
68%
Arménie
67%
États Fédérés de Micronésie
67%
Népal
67%
Laos
66%
Lesotho
66%
Kirghizistan
65%
Kosovo
65%
Grèce
64%
Bosnie-Herzégovine
63%
Érythrée
63%
Ghana
63%
Corée du Nord
62%
Thaïlande
62%
Birmanie
61%
Corée du Sud
61%
Géorgie
61%
Malaisie
61%
Viêt Nam
61%
Liberia
60%
Cambodge
59%
Monténégro
59%
Taïwan
59%
Belgique
58%
Maurice
58%
Ouganda
58%
Eswatini
57%
Haïti
57%
Albanie
56%
Malawi
56%
Pays-Bas
56%
Azerbaïdjan
55%
Bhoutan
55%
Somalie
55%
Honduras
54%
Madagascar
54%
Salvador
54%
Seychelles
54%
Burundi
53%
Cap-Vert
53%
Rwanda
53%
Tuvalu
53%
Bangladesh
52%
Philippines
52%
Cuba
50%
Papouasie-Nouvelle-Guinée
50%
République Dominicaine
50%
Guinée-Bissau
49%
Sri Lanka
49%
Îles Salomon
48%
Luxembourg
48%
Sao Tomé-et-Principe
45%
Comores
44%
Fidji
44%
Gambie
44%
Kiribati
44%
Sierra Leone
44%
Bahamas
43%
Jamaïque
42%
Belize
41%
Israël
40%
Malte
40%
Estonie
38%
Maldives
37%
Guinée Équatoriale
35%
Émirats Arabes Unis
34%
Vanuatu
34%
Palaos
33%
Samoa
33%
Îles Marshall
31%
Chypre
29%
Qatar
26%
Nauru
25%
Djibouti
24%
Koweït
23%
Liban
19%
Tonga
17%
Timor Oriental
8%
Trinité-et-Tobago
8%
Aucun quiz correspondant
Distribution des résultats
% des personnes avec chaque résultat
Percentile par nombre de réponses
Votre historique - résultats
Vous n’avez pas pris ce quiz